ASE's comprehensive echocardiography / (Record no. 2428)
[ view plain ]
| 000 -LEADER | |
|---|---|
| fixed length control field | 02205cam a2200229 i 4500 |
| 008 - FIXED-LENGTH DATA ELEMENTS--GENERAL INFORMATION | |
| fixed length control field | 200903s2022 paua b 001 0 eng |
| 020 ## - INTERNATIONAL STANDARD BOOK NUMBER | |
| ISBN | 9780323698306 |
| 245 00 - TITLE STATEMENT | |
| Title | ASE's comprehensive echocardiography / |
| Statement of responsibility, etc | Roberto M. Lang, MD, FASE, FACC, FESC (Professor of Medicine, Director, Noninvasive Cardiac Imaging Laboratories Section of Cardiology, University of Chicago Heart and Vascular Center, Chicago, Illinois), Steven A. Goldstein, MD, FASE, FACC (Professor of Medicine, Georgetown University Medical School, MedStar Heart and Vascular Institute, Washington Hospital Center, Washington, DC), Itzhak Kronzon, MD, FASE, FACC, FAHA, FESC, FACP (Professor of Medicine, Department of Cardiology, Donald and Barbara Zucker School of Medicine at Hofstra/Northwell, Northwell Health-Lenox Hill Hospital, New York, New York), Bijoy K. Khandheria, MD, FASE, FACC, FESC, FACP (Director, Echocardiography Center for Research and Innovation - Aurora Research Institute, Aurora Cardiovascular and Thoracic Services, Aurora Sinai/Aurora St. Luke's Medical Centers, University of Wisconsin School of Medicine and Public Health, Milwaukee, Wisconsin), Muhamed Saric, MD, PhD, FASE, FACC (Professor of Medicine, Director, Non-invasive Cardiology, Leon H. Charney Division of Cardiology, New York University Langone Health, New York, New York), Victor Mor-Avi, PhD, FASE (Research Professor, Director of Cardiac Imaging Research, Director of Cardiovascular Research Training and Mentorship, Department of Medicine/Section of Cardiology, University of Chicago Medical Center, Chicago, Illinois). |
| 250 ## - EDITION STATEMENT | |
| Edition statement | Third edition. |
| 260 ## - PUBLICATION, DISTRIBUTION, ETC. (IMPRINT) | |
| Place of publication | Philadelpia |
| Name of publisher | Elsevier Ltd |
| Date of publication | 2022 |
| 300 ## - COLLATION | |
| Pagination | xxvi, 998 pages : |
| Other physical details | illustrations (chiefly color) ; |
| 500 ## - GENERAL NOTE | |
| General note | Revised edition of: ASE's comprehensive echocardiography / [edited by] Roberto M. Lang, Steven A. Goldstein, Itzhak Kronzon, Bijoy K. Khandheria, Victor Mor-Avi. Second edition. [2015]. |
| 650 #0 - TRACINGS | |
| Main Subject | Echocardiography. |
| 700 1# - ADDITIONAL AUTHOR | |
| Additional Author | Lang, Roberto M., |
| 700 1# - ADDITIONAL AUTHOR | |
| Additional Author | Goldstein, Steven A., |
| 700 1# - ADDITIONAL AUTHOR | |
| Additional Author | Kronzon, Itzhak, |
| 700 1# - ADDITIONAL AUTHOR | |
| Additional Author | Khandheria, Bijoy, |
| 700 1# - ADDITIONAL AUTHOR | |
| Additional Author | Saric, Muhamed, |
| 700 1# - ADDITIONAL AUTHOR | |
| Additional Author | Mor-Avi, Victor, |
| 942 ## - ADDED ENTRY ELEMENTS (KOHA) | |
| Item type | Books |
| 050 00 - LIBRARY OF CONGRESS CALL NUMBER | |
| Classification number | RC683.5.U5 |
| Item number | D96 2022 |
| Source of classification or shelving scheme | Not for loan | Permanent location | Current location | Date acquired | Accession No. | Full call number | Barcode. | Koha item type |
|---|---|---|---|---|---|---|---|---|
| Library of Congress Classification | Medical Library | Medical Library | 03/18/2025 | 2024/63855 | RC683.5.A74 | 2025-0693 | Books |